Normal view MARC view
  • D.M. DR CHETAN 2- V.M. DR. CHANDRASHEKHAR 3- H.L DR RAGHAVENDRA 4- BARANGI, DR. SUJATHA

Entry Personal Name

Number of records used in: 1

001 - CONTROL NUMBER

  • control field: 8806

003 - CONTROL NUMBER IDENTIFIER

  • control field: JRU

005 - DATE AND TIME OF LATEST TRANSACTION

  • control field: 20251125090126.0

008 - FIXED-LENGTH DATA ELEMENTS

  • fixed length control field: 251125|| aca||aabn | a|a d

040 ## - CATALOGING SOURCE

  • Original cataloging agency: JRU
  • Transcribing agency: JRU

100 ## - HEADING--PERSONAL NAME

  • Personal name: D.M. DR CHETAN 2- V.M. DR. CHANDRASHEKHAR 3- H.L DR RAGHAVENDRA 4- BARANGI, DR. SUJATHA

670 ## - SOURCE DATA FOUND

  • Source citation: Work cat.: (JRU)8985: D.M. DR CHETAN 2- V.M. DR. CHANDRASHEKHAR 3- H.L DR RAGHAVENDRA 4- BARANGI, DR. SUJATHA ., PHARMACOLOGY MULTIPLE CHOICE QUESTIONS [MCQ] : For all india postgraduate medical entrance examination , 2020